| 000 | 01020nam a2200229 a 4500 | ||
|---|---|---|---|
| 001 | 48392 | ||
| 003 | BD-RjUL | ||
| 005 | 20211209054521.0 | ||
| 008 | 160811s1988 bg ||||| |||| 00| 0 ben d | ||
| 020 | _c: Tk. 40.00 | ||
| 035 | _a(BD-RjUL)48511 | ||
| 040 |
_aBD-RjUL _bben _cBD-RjUL |
||
| 041 | _aben | ||
| 082 |
_223 _a891.4409 _bTAK 1988 |
||
| 245 | 1 | 0 |
_aকিংবদন্তীর যশোর : _bসাহিত্য প্রসঙ্গ / _cমুহম্মদ আবু তালিব (সংকলক ও সম্পাদক) |
| 260 |
_aঢাকা : _bনওরোজ সাহিত্য সম্ভার, _c১৯৮৮ |
||
| 300 |
_a১২৩ পৃ. ; _c২১ সেমি. |
||
| 650 |
_aবাংলা সাহিত্য _xইতিহাস ও সমালোচনা _9118060 |
||
| 650 |
_aBengali literature _xHistory and Criticism _9117020 |
||
| 700 |
_aতালিব, মুহম্মদ আবু (সংকলক ও সম্পাদক) _9146428 |
||
| 942 |
_2ddc _cBK |
||
| 999 |
_c48392 _d48392 |
||